Geometry Dash - Główne Klasyczne Poziomy - Statystyki

Ogólne statystyki
  • Ten quiz został rozwiązany 95 razy
  • Średni wynik to 18 z 22
Statystyki odpowiedzi
Odpowiedź % Poprawnych
Stereo Madness
99%
Back on Track
91%
Polargeist
88%
Base After Base
86%
Cant Let Go
86%
Cycles
85%
Dry Out
85%
Jumper
83%
xStep
83%
Dash
82%
Time Machine
82%
Clubstep
81%
Clutterfunk
81%
Fingerdash
81%
Electrodynamix
79%
Deadlocked
78%
Geometrical Dominator
78%
Hexagon Force
78%
Theory of Everything
78%
Theory of Everything 2
78%
Blast Processing
76%
Electroman Adventures
74%
Nie znaleziono quizów pasujących do podanych kryteriów
Rozkład punktacji
Procent ludzi z każdym wynikiem
Percentyl według liczby udzielonych odpowiedzi
Twoja historia wyników
Nie rozwiązałeś tego quizu